UBT Library

Yjet Ndritin Lart (Record no. 60802)

000 -LEADER
fixed length control field 00298nam a22001337a 4500
008 - FIXED-LENGTH DATA ELEMENTS--GENERAL INFORMATION
fixed length control field 260218b ||||| |||| 00| 0 eng d
020 ## - INTERNATIONAL STANDARD BOOK NUMBER
International Standard Book Number 9951050174
041 ## - LANGUAGE CODE
Language code of text/sound track or separate title Shqip
080 ## - UNIVERSAL DECIMAL CLASSIFICATION NUMBER
Field link and sequence number 2.11
Universal Decimal Classification number 2.11
100 ## - Rafti
Rafti 20.1
101 ## - Shkurtesa
Shkurtesa Roman
245 ## - TITLE STATEMENT
Title Yjet Ndritin Lart
Statement of responsibility, etc Naum Prifti
942 ## - ADDED ENTRY ELEMENTS (KOHA)
Source of classification or shelving scheme
Item type Books
Holdings
Withdrawn status Lost status Source of classification or shelving scheme Damaged status Not for loan Collection code Permanent location Current location Shelving location Date acquired Total Checkouts Barcode Date last seen Price effective from Koha item type
          Koleksioni i përgjithshem UBT - Lipjan UBT - Lipjan Koleksioni i përgjithshem 02/18/2026   002-800070999518 02/18/2026 02/18/2026 Books
          Koleksioni i përgjithshem UBT - Lipjan UBT - Lipjan   03/27/2026   003-800070999507 03/27/2026 03/27/2026 Books
          Koleksioni i përgjithshem UBT - Lipjan UBT - Lipjan   04/15/2026   003-800070999642 04/15/2026 04/15/2026 Books
UBT Library © 2015-2024. All rights reserved University Education for Business and Technology